000 00453nam a2200169Ia 4500
008 100317t2005 xxu||||| |||| 00| 0 sin d
041 _asin
080 _aX8S31
_bGRE
100 _aGrero, Iresha
245 _aපුංචි අපි තනිවෙලා නෑ
246 _aPunchi Api Thanivela Ne
260 _bMalpiyali
_adankotuwa
_c2005
300 _a111p., 21 cm
942 _cBK
999 _c72412
_d72412
003 LK-CoDNM
040 _aLK-CoDNM
_dLK-CoDNM
_eLK-CoDNM